00202nam a22000857a 4500020001800000100001600018245003600034260003100070490001500101 a9781407157351 aR. L. STINE aThe abominable snowman pasadena aNew YorkbScholasticc1995 aGoosebumps